Statistics for Director - Actor Combo Hindi (Bollywood)

Click here to take the quiz!

General Stats

  • This quiz has been taken 20 times
  • The average score is 4 of 10

Answer Stats

DirectorActorAnswer% Correct
Nitesh TiwariAamir KhanDangal
79%
Imtiaz AliKartik AaryanLove Aaj Kal
79%
Rajkumar HiraniRanbir KapoorSanju
79%
Sriram RaghavanVarun DhawanBadlapur
58%
Siddharth AnandShah Rukh KhanPathaan
58%
R. BalkiArjun KapoorKi & Ka
32%
Sajid NadiadwalaSalman KhanKick
32%
Farhan AkhtarHrithik RoshanLakshya
26%
Reema KagtiAkshay KumarGold
5%
Raakesh KumarAmitabh BachchanYaarana
0%

Score Distribution

Percentile by Number Answered

Percent of People with Each Score

Your Score History

You have not taken this quiz